| 000 | 00771nam a2200229 a 4500 | ||
|---|---|---|---|
| 008 | |||
| 020 | _a007040805X (v. 2) | ||
| 049 | _aMAIN | ||
| 090 | _aHB71 | ||
| 245 | 0 | 0 |
_aMasterworks of economics : _bdigests of ... / _cedited by Leonard Dalton Abbott. |
| 260 |
_aNew York : _bMcGraw-Hill, _c1973. |
||
| 300 |
_a181 p. ; _c20 cm. |
||
| 440 | 0 | _aMasterworks series. | |
| 505 |
_gvol. 2. _tDigests of Ricardo: Principles of political economy and taxation; Owen: A new view of society; Mill: Principles of political economy. |
||
| 650 | _aEconomics. | ||
| 700 | 1 | 2 | _aABBOTT, Leonard Dalton. |
| 907 |
_a.b10078678 _b25-06-03 _c23-06-03 |
||
| 003 | |||
| 005 | 20230123133305.0 | ||
| 040 | _cNUST | ||
| 942 |
_cBOOKS _kHB71 |
||
| 999 |
_c146035 _d146035 |
||